000 00970nam a2200265Ia 4500
003 OSt
005 20221005112704.0
006 a|||||r|||| 00| 0
007 ta
008 221004b |||||||| |||| 00| 0 pan d
020 _a9788180591433 (hbk)
_cINR 300.00
024 _a38591
037 _b1015, 30/01/2018, H.K. Prakashan
_cTextual
040 _aCRL
_cCRL
_bpan
041 _2pan
_apan
082 _aO153,2:g, Q7
100 _aਕੌਰ, ਤਰਮਪਾਲ, ਂਚ.
245 0 _aਪੰਜਾਬੀ ਨਾਟਕ ਤੇ ਅੰਗਰੇਗ਼ੀ ਨਾਟਕ. ਅੰਤਰ ਸੰਬੰਧ
260 _aਦਿੱਲੀ
_bF੍ਰੀ ਪ੍ਰਕਾFਨ ਭਾਰਤ
_c2017
300 _a152ਪ0
_ccm.
650 _a ਪੰਜਾਬੀ ਨਾਟਕ
650 _aਪੰਜਾਬੀ ਸਾਹਿਤ
942 _hO153,2:g, Q7
_cTEXL
_2cc
999 _c1025663
_d1025663